LEADER 01143nam0 22002893i 450 001 SUN0117114 005 20180717114858.95 010 $a978-88-07-17332-5$d0.00 100 $a20180717d2018 |0itac50 ba 101 $aita 102 $aIT 105 $a|||| ||||| 200 1 $aI *sette peccati capitali dell'economia italiana$fCarlo Cottarelli 210 $aMilano$cFeltrinelli$d2018 215 $a174 p.$d22 cm. 410 1$1001SUN0038270$12001 $aSerie bianca$1210 $aMilano$cFeltrinelli. 606 $aEconomia$xItalia$xSec. 21$2SG$3SUNC034295 620 $dMilano$3SUNL000284 676 $a338.131523$v21 700 1$aCottarelli$b, Carlo$3SUNV090312$0118928 712 $aFeltrinelli$3SUNV000132$4650 801 $aIT$bSOL$c20181109$gRICA 912 $aSUN0117114 950 $aUFFICIO DI BIBLIOTECA DEL DIPARTIMENTO DI GIURISPRUDENZA$d00 CONS XX.Ec.81 $e00 UBG2988 995 $aUFFICIO DI BIBLIOTECA DEL DIPARTIMENTO DI GIURISPRUDENZA$gUBG$h2988$kCONS XX.Ec.81$op$qa 996 $aSette peccati capitali dell'economia italiana$91508006 997 $aUNICAMPANIA LEADER 02443oam 2200685Ia 450 001 9910704364503321 005 20130124105621.0 035 $a(CKB)5470000002440038 035 $a(OCoLC)191699468 035 $a(EXLCZ)995470000002440038 100 $a20080130d2003 ua 0 101 0 $aeng 135 $aurmn||||||||| 181 $ctxt$2rdacontent 182 $cc$2rdamedia 183 $acr$2rdacarrier 200 00$aComparison of on-orbit and ground based hollow cathode operation$b[electronic resource] /$fChristian Carpenter 210 1$a[Cleveland, Ohio] :$cNational Aeronautics and Space Administration, Glenn Research Center,$d[2003] 215 $a1 online resource (11 pages) $cillustrations 225 1 $aNASA/CR ;$v2003-211817 300 $aTitle from title screen (viewed January 21, 2008). 300 $a"August 2003" 300 $a"Prepared for the 38th Joint Propulsion Conference and Exhibit cosponsored by AIAA, ASME, SAE, and ASEE Indianapolis, Indiana, July 7-10, 2002." 300 $a"Performing organization, QSS Group, Inc."--Rept. documentation p. 300 $a"AIAA-2002-4098" 320 $aIncludes bibliographical references (pages 3-4). 606 $aElectric contactors 606 $aPlasma (Ionized gases) 606 $aCathodes 606 $aSpace plasmas 606 $aHollow cathodes$2nasat 606 $aInternational Space Station$2nasat 606 $aOnboard equipment$2nasat 606 $aContactors$2nasat 606 $aGround tests$2nasat 606 $aSpace plasmas$2nasat 606 $aElectron plasma$2nasat 615 0$aElectric contactors. 615 0$aPlasma (Ionized gases) 615 0$aCathodes. 615 0$aSpace plasmas. 615 7$aHollow cathodes. 615 7$aInternational Space Station. 615 7$aOnboard equipment. 615 7$aContactors. 615 7$aGround tests. 615 7$aSpace plasmas. 615 7$aElectron plasma. 712 02$aQSS Group, Inc. 712 02$aUnited States.$bNational Aeronautics and Space Administration. 712 02$aNASA Glenn Research Center. 712 12$aJoint Propulsion Conference and Exhibit$d(38th :$f2002 :$eIndianapolis, Ind.) 801 0$bCOA 801 1$bCOA 801 2$bOCLCQ 801 2$bGPO 906 $aBOOK 912 $a9910704364503321 996 $aComparison of on-orbit and ground based hollow cathode operation$93299619 997 $aUNINA